000 00717nas a2200229Ia 4500
001 A50/R191-21530 [r000045666]
003 IT-MiCISF
005 20250326150625.0
008 161014c99999999xx |||||||||||| ||und||
040 _aIT-MiCISF
_cIT-MiCISF
041 _ait
100 _aCasini Carlo
_956404
245 0 _aFamiglia, un tempio da difendere
250 _a"Sì alla vita", n. 1, gennaio
260 _c1994
300 _app. 7-19
500 _afamiglia, accoglienza-della-vita, aborto, modello-famiglia, valori, esperienze
650 _aFAMIGLIA
_vdossier
_960572
700 _aBlangiardo G., Rossi G., Tagliferri F., Campanini G., Nardi D., Liverani P.G.
_961999
942 _cCR
_2ddc
999 _c225151
_d225151
999 _bSi